00575nam a22001817a 450000500170000000800410001704000070005824500200006525000330008549000240011852001670014265000100030965000130031965000150033265000110034765000130035865000220037120250519133245.0250519b |||||||| |||| 00| 0 eng d cDO aOrphan Gorillas aFebruary 2000 Vol. 197 No. 2 aNational Geographic aBlack Dragon River, The Rise of Life on Earth, Albanians: Apeople Undone, Eyewitness Kosovo, Central Africa's Orphan Gorillas, Selma to Montgomery, Ancient Greece xRIVER xMESSSEL  xALABANIANS xKOSOVO xGORILLAS xANCIENT GREECE II